000 00485nam a2200169Ia 4500
008 230917s9999||||xx |||||||||||||| ||und||
020 _cUSD 159.00 (RS 11826.42)
040 _e5015093
_aMAIN
041 _aEnglish
082 _a579 B937T
100 _aBurns, Jake, ed.
245 0 _aTheory and applications of microbiology
260 _aNew York
_bMurphy and Moore Publishing
_c2021
300 _a238 p.
500 _a4159 25/10/2021 IBS22/00199 22/11/2021 Main Budget
942 _cBK
999 _c3175
_d3175